Tatva Bodha of Sankaracharya (Record no. 366863)

MARC details
000 -LEADER
fixed length control field 00249nam a2200097Ia 4500
008 - FIXED-LENGTH DATA ELEMENTS--GENERAL INFORMATION
fixed length control field 250601s9999 xx 000 0 und d
041 ## - LANGUAGE CODE
Language code of text/sound track or separate title eng
245 ## - TITLE STATEMENT
Title Tatva Bodha of Sankaracharya
260 ## - PUBLICATION, DISTRIBUTION, ETC. (IMPRINT)
Name of publisher, distributor, etc. Central Chinmaya Mission Trust, Bmobay
300 ## - PHYSICAL DESCRIPTION
Extent 61
Holdings
Withdrawn status Lost status Damaged status Not for loan Home library Current library Date acquired Total Checkouts Barcode Date last seen Bill Date Koha item type Original Barcode
        MKSSS s K.B. Joshi Institute of Information Technology Library MKSSS s K.B. Joshi Institute of Information Technology Library 01/06/2025   KBJP-D-407 01/06/2025 01/06/2025 Books D407